| 000 | 00368nam a22001217a 4500 | ||
|---|---|---|---|
| 082 |
_a346.066 _bKHA |
||
| 100 | _aKhan, Faraz Ahmad | ||
| 245 |
_aManual of Companies Law in Pakistan : _b(with all amendments & upto date case laws) / _cFaraz Ahmad Khan |
||
| 260 |
_aLahore: _bImran Law Book House, _c2022. |
||
| 300 | _a1732 p. | ||
| 563 | _aHB. | ||
| 942 |
_2ddc _cBK |
||
| 999 |
_c614006 _d614006 |
||